Tratado de la propiedad horizontal (Registro nro. 7311)

Detalles MARC
000 -LEADER
fixed length control field 00586 a2200193 4500
001 - CONTROL NUMBER
control field 61431
005 - DATE AND TIME OF LATEST TRANSACTION
control field 20260407155905.0
008 - FIXED-LENGTH DATA ELEMENTS--GENERAL INFORMATION
fixed length control field 260407a1974 arg spa d
003 - CONTROL NUMBER IDENTIFIER
control field AR-UNSa-BCEJYS
040 ## - CATALOGING SOURCE
Original cataloging agency AR-UNSa-BCEJYS
Language of cataloging spa
Transcribing agency AR-UNSa-BCEJYS
080 ## - UNIVERSAL DECIMAL CLASSIFICATION NUMBER
Universal Decimal Classification number 347.238.3
Common auxiliary subdivision Otras clases de copropiedad; p.e., propiedad horizontal
041 ## - LANGUAGE CODE
Language code of text/sound track or separate title spa
100 1# - MAIN ENTRY--PERSONAL NAME
Personal name Palmiero, Andrés Rafael
245 10 - TITLE STATEMENT
Title Tratado de la propiedad horizontal
264 #1 - PRODUCTION, PUBLICATION, DISTRIBUTION, MANUFACTURE, AND COPYRIGHT NOTICE
Place of production, publication, distribution, manufacture Buenos Aires :
Name of producer, publisher, distributor, manufacturer Ediciones Depalma
Date of production, publication, distribution, manufacture, or copyright notice 1974
300 ## - PHYSICAL DESCRIPTION
Extent xix, 470 p.
Dimensions 23 cm.
590 ## - LOCAL NOTE (RLIN)
Local note niveau_biblio:m niveau_hierar:0
942 ## - ADDED ENTRY ELEMENTS (KOHA)
Koha item type
Existencias
Withdrawn status Lost status Damaged status Not for loan Home library Current library Shelving location Date acquired Total checkouts Full call number Barcode Date last seen Price effective from Koha item type
        Biblioteca Prof. Eusebio Cleto del Rey Biblioteca Prof. Eusebio Cleto del Rey   07/04/2026   347.238.3 P179 L25662 07/04/2026 07/04/2026 Libro